[Event "RUS-chT 30th"]
[Site "Sochi"]
[Date "2023.05.09"]
[Round "8.1"]
[White "Makarian, Rudik"]
[Black "Gaifullin, Artur"]
[Result "1-0"]
[WhiteElo "2547"]
[BlackElo "2422"]
[PlyCount "73"]
[EventDate "2023.05.01"]
[EventType "team-tourn"]
[EventRounds "9"]
[EventCountry "RUS"]
[SourceTitle "EXT 2024"]
[Source "ChessBase"]
[SourceDate "2023.10.10"]
[SourceVersion "1"]
[SourceVersionDate "2023.10.10"]
[SourceQuality "1"]
[WhiteTeam "Moscow Team"]
[BlackTeam "Tatarstan Ladya"]
[WhiteTeamCountry "RUS"]
[BlackTeamCountry "RUS"]

1. d4 Nf6 2. c4 e6 3. Nf3 d5 4. g3 dxc4 5. Bg2 Bb4+ 6. Nbd2 b5 7. a3 Bxd2+ 8. Nxd2 c6 9. a4 Nd5 10. 0-0 0-0 11. e4 Nb4 12. e5 Qxd4 13. axb5 Qxe5 14. Ra5 Nd5 15. Nxc4 Qc7 16. Bf4 Nxf4 17. gxf4 cxb5 18. Qd6 Qxc4 19. Bxa8 e5 20. Rxa7 Qxf4 21. Bd5 Qg4+ 22. Kh1 Be6 23. Bxe6 Qf3+ 24. Kg1 fxe6 25. Qxe6+ Kh8 26. Qxe5 Qg4+ 27. Qg3 Qd4 28. Rf7 Rg8 29. b3 Nc6 30. Re1 Qd5 31. Qf3 Qd6 32. Qf4 Qa3 33. Rc7 Nd8 34. b4 Qd3 35. Rce7 Nc6 36. Qe4 Qc4 37. Rc7 1-0

[Event "RUS-chT 28th"]
[Site "Sochi"]
[Date "2021.05.05"]
[Round "5.2"]
[White "Popov, Ivan1111"]
[Black "Gaifullin, Artur"]
[Result "1-0"]
[WhiteElo "2630"]
[BlackElo "2450"]
[PlyCount "101"]
[EventDate "2021.05.01"]
[EventType "tourn"]
[EventRounds "9"]
[EventCountry "RUS"]
[SourceTitle "CBM 202"]
[Source "ChessBase"]
[SourceDate "2021.06.30"]
[SourceVersion "1"]
[SourceVersionDate "2021.06.30"]
[SourceQuality "1"]
[WhiteTeam "Moscow Chess Team"]
[BlackTeam "Tatarstan Ladya"]
[WhiteTeamCountry "RUS"]
[BlackTeamCountry "RUS"]

1. e4 c6 2. d4 d5 3. e5 Bf5 4. Bd3 Bxd3 5. Qxd3 e6 6. Ne2 Qa5+ 7. c3 Qa6 8. Qd1 c5 9. 0-0 Nd7 10. Nd2 Ne7 11. Nf3 Nc6 12. h4 h6 13. h5 Rc8 14. Ne1 Be7 15. f4 f5 16. Be3 cxd4 17. cxd4 0-0 18. Nd3 Nb6 19. b3 Nb4 20. Nc5 Bxc5 21. dxc5 Nd7 22. a3 Nd3 23. b4 Nb2 24. Qd2 Nc4 25. Qd3 b6 26. c6 Rxc6 27. Nd4 Qa4 28. Nxc6 Qxc6 29. Bd4 Nb8 30. a4 Qe8 31. Qe2 Qe7 32. Bc3 Nc6 33. Rab1 Qh4 34. b5 Ne7 35. Bb4 a5 36. bxa6 Ra8 37. a5 bxa5 38. Be1 Qg4 39. Qxg4 fxg4 40. Rb7 Nc6 41. f5 Ne3 42. f6 Nxf1 43. Rxg7+ Kh8 44. Kxf1 d4 45. Rc7 Nxe5 46. Bg3 Nd3 47. Ke2 Nb4 48. Be5 d3+ 49. Kd2 Rf8 50. f7+ Kh7 51. a7 1-0

[Event "RUS-chT 27th"]
[Site "Sochi"]
[Date "2020.11.25"]
[Round "6.3"]
[White "Fedoseev, Vladimir1111"]
[Black "Gaifullin, Artur"]
[Result "1-0"]
[WhiteElo "2676"]
[BlackElo "2460"]
[PlyCount "101"]
[EventDate "2020.11.19"]
[EventType "team-tourn"]
[EventRounds "9"]
[EventCountry "RUS"]
[SourceTitle "CBM 199"]
[Source "ChessBase"]
[SourceDate "2020.12.31"]
[SourceVersion "1"]
[SourceVersionDate "2020.12.31"]
[SourceQuality "1"]
[WhiteTeam "St Petersburg Bronze Horseman"]
[BlackTeam "Tatarstan Ladya"]
[WhiteTeamCountry "RUS"]
[BlackTeamCountry "RUS"]

1. Nf3 Nf6 2. d4 e6 3. Bf4 c5 4. e3 Nc6 5. c3 Nh5 6. Bg5 Qb6 7. Na3 d5 8. Rb1 h6 9. Bh4 g5 10. Nd2 cxd4 11. Qxh5 dxe3 12. Ndc4 dxc4 13. Nxc4 Qc5 14. Bg3 e5 15. Nxe3 Be6 16. Rd1 Bg7 17. h4 Rd8 18. Bd3 Qe7 19. hxg5 hxg5 20. Qxh8+ Bxh8 21. Rxh8+ Kd7 22. Be2+ Kc8 23. Rdxd8+ Nxd8 24. Bxe5 f6 25. Bg3 Qg7 26. Rh1 Nc6 27. Bd3 Ne5 28. Bxe5 fxe5 29. Rh7 Qf8 30. Be4 Bd7 31. Bxb7+ Kxb7 32. Rxd7+ Kb8 33. Rd5 Qf4 34. Rb5+ Kc8 35. Rb4 Qf7 36. a3 Qh7 37. Ke2 Qb1 38. Kf3 Qh7 39. a4 Qh5+ 40. Kg3 Qe2 41. a5 Kd7 42. Rb7+ Ke6 43. Rxa7 Qxb2 44. a6 e4 45. Rh7 Qxc3 46. a7 Qa3 47. Kh2 Qf8 48. Kg1 Kd6 49. Nc4+ Kc5 50. Rc7+ Kb5 51. Rc8 1-0

[Event "RUS-chT 27th"]
[Site "Sochi"]
[Date "2020.11.22"]
[Round "4.2"]
[White "Gaifullin, Artur"]
[Black "Musalov, Ruslan"]
[Result "1/2-1/2"]
[WhiteElo "2460"]
[BlackElo "2348"]
[PlyCount "91"]
[EventDate "2020.11.19"]
[EventType "team-tourn"]
[EventRounds "9"]
[EventCountry "RUS"]
[SourceTitle "CBM 199"]
[Source "ChessBase"]
[SourceDate "2020.12.31"]
[SourceVersion "1"]
[SourceVersionDate "2020.12.31"]
[SourceQuality "1"]
[WhiteTeam "Tatarstan Ladya"]
[BlackTeam "Krym Kimmeriya"]
[WhiteTeamCountry "RUS"]
[BlackTeamCountry "RUS"]

1. d4 Nf6 2. Nf3 e6 3. g3 c5 4. Bg2 Nc6 5. 0-0 Be7 6. c4 cxd4 7. Nxd4 a6 8. Nc3 Qc7 9. b3 0-0 10. Bb2 Rb8 11. Rc1 Rd8 12. a3 Nxd4 13. Qxd4 b6 14. e4 d6 15. Rfd1 Bb7 16. b4 Bf8 17. f4 a5 18. Nb5 Qe7 19. Qe3 axb4 20. axb4 e5 21. f5 d5 22. exd5 Qxb4 23. Ba3 Bc5 24. Qxc5 Qxc5+ 25. Bxc5 bxc5 26. Ra1 g6 27. fxg6 Bxd5 28. Bxd5 Nxd5 29. gxf7+ Kxf7 30. Ra7+ Kg8 31. Rxd5 Rxd5 32. cxd5 Rxb5 33. Re7 c4 34. d6 Kf8 35. Rxh7 Rd5 36. Rc7 Rxd6 37. Rxc4 Kf7 38. Rc2 Kf6 39. Kg2 e4 40. h4 Ke5 41. h5 Kf5 42. Kh3 e3 43. Rc1 Ke4 44. Kg4 e2 45. Re1 Ke3 46. Kg5 1/2-1/2

[Event "RUS-chT 27th"]
[Site "Sochi"]
[Date "2020.11.20"]
[Round "2.3"]
[White "Gaifullin, Artur"]
[Black "Usmanov, Vasily"]
[Result "1-0"]
[WhiteElo "2460"]
[BlackElo "2442"]
[PlyCount "119"]
[EventDate "2020.11.19"]
[EventType "team-tourn"]
[EventRounds "9"]
[EventCountry "RUS"]
[SourceTitle "CBM 199"]
[Source "ChessBase"]
[SourceDate "2020.12.31"]
[SourceVersion "1"]
[SourceVersionDate "2020.12.31"]
[SourceQuality "1"]
[WhiteTeam "Tatarstan Ladya"]
[BlackTeam "St Petersburg SShOR"]
[WhiteTeamCountry "RUS"]
[BlackTeamCountry "RUS"]

1. d4 Nf6 2. Nf3 e6 3. g3 Be7 4. Bg2 0-0 5. c4 d5 6. 0-0 c6 7. Qc2 b6 8. Rd1 Bb7 9. Nc3 Nbd7 10. e4 dxc4 11. a4 a6 12. e5 Nd5 13. Ne4 b5 14. Bg5 c5 15. dxc5 Nb4 16. Qc3 Bxe4 17. Qxb4 Bxg5 18. Nxg5 Bxg2 19. Kxg2 Qc7 20. axb5 axb5 21. Qxb5 Nxe5 22. Rxa8 Rxa8 23. Rd6 h6 24. Ne4 f5 25. c6 Ra5 26. Qb7 Ra7 27. Qxc7 Rxc7 28. Rxe6 fxe4 29. Rxe5 Rxc6 30. Rxe4 c3 31. bxc3 Rxc3 32. g4 Kh7 33. Re3 Rc5 34. h4 h5 35. g5 Rc4 36. Kg3 Rg4+ 37. Kh3 Kg6 38. f3 Ra4 39. Kg3 Rb4 40. Re4 Rb6 41. Kf4 Ra6 42. Rd4 Re6 43. Rd5 Ra6 44. Ke5 Ra1 45. Rd6+ Kh7 46. f4 Re1+ 47. Kf5 Re8 48. Re6 Ra8 49. Re7 Ra6 50. Ke5 Ra5+ 51. Ke6 Ra6+ 52. Kf5 Ra5+ 53. Re5 Ra6 54. Rd5 Ra4 55. Ke5 g6 56. Rd7+ Kg8 57. f5 gxf5 58. Kf6 Ra6+ 59. Kxf5 Rb6 60. g6 1-0

[Event "RUS-ch Higher League 73rd"]
[Site "Sochi"]
[Date "2020.10.17"]
[Round "9"]
[White "Gaifullin, Artur"]
[Black "Sviridov, Valery"]
[Result "1/2-1/2"]
[WhiteElo "2440"]
[BlackElo "2558"]
[PlyCount "90"]
[EventDate "2020.10.08"]
[EventType "swiss"]
[EventRounds "9"]
[EventCountry "RUS"]
[SourceTitle "CBM 198 Extra"]
[Source "ChessBase"]
[SourceDate "2020.11.30"]
[SourceVersion "1"]
[SourceVersionDate "2020.11.30"]
[SourceQuality "1"]

1. d4 g6 2. e4 Bg7 3. Nc3 a6 4. f4 d6 5. Nf3 b5 6. Bd3 Bb7 7. 0-0 Nd7 8. a4 b4 9. Ne2 c5 10. c3 bxc3 11. bxc3 Ngf6 12. e5 Nd5 13. Rb1 Qc8 14. Ng5 0-0 15. e6 fxe6 16. Nxe6 c4 17. Bc2 Qc6 18. Rxb7 Qxb7 19. Nxf8 Rxf8 20. f5 gxf5 21. Bxf5 Kh8 22. Qe1 Rf7 23. Qh4 Nf8 24. Be4 Rxf1+ 25. Kxf1 e6 26. Qh5 Ne3+ 27. Bxe3 Qxe4 28. Kf2 d5 29. Qf7 Qh4+ 30. Ng3 Qf6+ 31. Qxf6 Bxf6 32. Nh5 Bd8 33. Bh6 Ng6 34. Ng7 Bg5 35. Bxg5 Kxg7 36. g4 e5 37. dxe5 Nxe5 38. h3 Kf7 39. Ke3 Ke6 40. Bf4 Nd3 41. a5 Nc5 42. h4 Kf6 43. Bg5+ Ke6 44. Bf4 Kf6 45. Bg5+ Ke5 1/2-1/2

[Event "RUS-ch Higher League 73rd"]
[Site "Sochi"]
[Date "2020.10.12"]
[Round "5"]
[White "Paravyan, David"]
[Black "Gaifullin, Artur"]
[Result "1-0"]
[WhiteElo "2653"]
[BlackElo "2440"]
[PlyCount "57"]
[EventDate "2020.10.08"]
[EventType "swiss"]
[EventRounds "9"]
[EventCountry "RUS"]
[SourceTitle "CBM 198 Extra"]
[Source "ChessBase"]
[SourceDate "2020.11.30"]
[SourceVersion "1"]
[SourceVersionDate "2020.11.30"]
[SourceQuality "1"]

1. c4 e6 2. Nc3 Nf6 3. e4 d5 4. cxd5 exd5 5. e5 Ne4 6. Nf3 c6 7. d3 Nxc3 8. bxc3 Be7 9. d4 Bf5 10. Bd3 Bxd3 11. Qxd3 Na6 12. 0-0 Nc7 13. Rb1 Rb8 14. h4 h6 15. h5 0-0 16. Nh2 Qd7 17. Bd2 c5 18. f4 f5 19. exf6 Rxf6 20. f5 c4 21. Qg3 Bd6 22. Bf4 Bxf4 23. Rxf4 Qd6 24. Ng4 Rf7 25. f6 Kh7 26. Ne5 Rxf6 27. Rxf6 Qxf6 28. Nd7 Qf5 29. Qg6+ 1-0

[Event "RUS-ch Higher League 73rd"]
[Site "Sochi"]
[Date "2020.10.09"]
[Round "2"]
[White "Gaifullin, Artur"]
[Black "Artemiev, Vladislav"]
[Result "0-1"]
[WhiteElo "2440"]
[BlackElo "2716"]
[PlyCount "84"]
[EventDate "2020.10.08"]
[EventType "swiss"]
[EventRounds "9"]
[EventCountry "RUS"]
[SourceTitle "CBM 198 Extra"]
[Source "ChessBase"]
[SourceDate "2020.11.30"]
[SourceVersion "1"]
[SourceVersionDate "2020.11.30"]
[SourceQuality "1"]

1. d4 d5 2. c4 c6 3. Nf3 Nf6 4. Nc3 e6 5. e3 Nbd7 6. b3 b6 7. Bb2 Bb7 8. Bd3 Bd6 9. 0-0 0-0 10. Qe2 Qe7 11. e4 dxe4 12. Nxe4 Nxe4 13. Qxe4 f5 14. Qe2 c5 15. Rfe1 Rae8 16. Ne5 cxd4 17. Bxd4 Qh4 18. Qb2 Nf6 19. Rad1 Rd8 20. Bf1 Ne4 21. g3 Qe7 22. Bg2 Ba3 23. Qa1 Rd6 24. Bxe4 Bxe4 25. Bb2 Bc5 26. Rxd6 Bxd6 27. f3 Ba8 28. Qd1 f4 29. g4 Rd8 30. Qe2 Bc5+ 31. Kg2 h5 32. Bc3 Qh4 33. gxh5 Qxh5 34. Rd1 Bd6 35. b4 Qg5+ 36. Kh1 Bxe5 37. Rxd8+ Qxd8 38. Bxe5 Qg5 39. Qd3 Bb7 40. Bc7 Qg4 41. Qd8+ Kh7 42. Qd3+ Kh6 0-1

[Event "Moscow op-A 16th"]
[Site "Moscow"]
[Date "2020.01.30"]
[Round "6"]
[White "Gaifullin, Artur"]
[Black "Samadov, Read"]
[Result "1/2-1/2"]
[WhiteElo "2439"]
[BlackElo "2273"]
[PlyCount "83"]
[EventDate "2020.01.25"]
[EventType "swiss"]
[EventRounds "9"]
[EventCountry "RUS"]
[SourceTitle "CBM 194 Extra"]
[Source "ChessBase"]
[SourceDate "2020.03.31"]
[SourceVersion "1"]
[SourceVersionDate "2020.03.31"]
[SourceQuality "1"]

1. Nf3 Nf6 2. c4 b6 3. d4 Bb7 4. Nc3 e6 5. a3 d5 6. cxd5 exd5 7. Bf4 Bd6 8. Bxd6 Qxd6 9. Rc1 a6 10. g3 0-0 11. Bg2 Nbd7 12. 0-0 Rfe8 13. e3 Ne4 14. Nd2 Ndf6 15. Ncxe4 Nxe4 16. Rc2 a5 17. Qg4 Nxd2 18. Rxd2 Bc8 19. Qh5 c6 20. Rc1 Bd7 21. Rdc2 Rac8 22. Bh3 g6 23. Qh6 Rc7 24. Bxd7 Qxd7 25. Qf4 Kg7 26. b4 axb4 27. axb4 Re4 28. Qf3 Qd6 29. Kg2 h5 30. h4 Rc8 31. Qe2 Qxb4 32. Qa6 Rc7 33. Rxc6 Rxc6 34. Rxc6 Re6 35. Rc8 Qb1 36. Qa8 Qe4+ 37. Kg1 Qb1+ 38. Kh2 Qf5 39. Qa2 Rxe3 40. fxe3 Qxc8 41. Qxd5 Qe6 42. Qb5 1/2-1/2

[Event "Moscow op-A 16th"]
[Site "Moscow"]
[Date "2020.01.29"]
[Round "5"]
[White "Daneshvar, Bardiya"]
[Black "Gaifullin, Artur"]
[Result "1/2-1/2"]
[WhiteElo "2311"]
[BlackElo "2439"]
[PlyCount "80"]
[EventDate "2020.01.25"]
[EventType "swiss"]
[EventRounds "9"]
[EventCountry "RUS"]
[SourceTitle "CBM 194 Extra"]
[Source "ChessBase"]
[SourceDate "2020.03.31"]
[SourceVersion "1"]
[SourceVersionDate "2020.03.31"]
[SourceQuality "1"]

1. d4 Nf6 2. c4 e6 3. Nc3 Bb4 4. Qc2 d5 5. cxd5 exd5 6. Bf4 0-0 7. e3 c5 8. dxc5 Nc6 9. Nf3 Qa5 10. Bd3 Qxc5 11. 0-0 Bxc3 12. Qxc3 Qxc3 13. bxc3 Be6 14. Rfc1 Rfc8 15. Nd4 Na5 16. Nb5 a6 17. Nc7 Ra7 18. Rcb1 Nd7 19. e4 dxe4 20. Bxe4 Nc5 21. Bf3 Nc4 22. Nxe6 fxe6 23. a4 Rf8 24. Bc1 Raa8 25. Bxb7 Rad8 26. Bg5 Rd7 27. Bf3 Rf5 28. Rb8+ Kf7 29. Bh4 Rd3 30. h3 Ne5 31. Be2 Rxc3 32. Rc8 a5 33. Bb5 g5 34. Bg3 Nxa4 35. Ra8 Nb6 36. R8xa5 Nc6 37. Bxc6 Rxc6 38. Ra7+ Kg6 39. Rb7 Rf7 40. Rb8 Nd5 1/2-1/2

[Event "Moscow op-A 16th"]
[Site "Moscow"]
[Date "2020.01.26"]
[Round "2"]
[White "Gaifullin, Artur"]
[Black "Kamalidenova, Meruert"]
[Result "1/2-1/2"]
[WhiteElo "2439"]
[BlackElo "2111"]
[PlyCount "102"]
[EventDate "2020.01.25"]
[EventType "swiss"]
[EventRounds "9"]
[EventCountry "RUS"]
[SourceTitle "CBM 194 Extra"]
[Source "ChessBase"]
[SourceDate "2020.03.31"]
[SourceVersion "1"]
[SourceVersionDate "2020.03.31"]
[SourceQuality "1"]

1. Nf3 Nf6 2. b3 g6 3. Bb2 d5 4. g3 Bg7 5. Bg2 0-0 6. 0-0 c6 7. d3 Nbd7 8. c4 Re8 9. Nc3 e5 10. cxd5 cxd5 11. Rc1 a6 12. Na4 Bf8 13. d4 e4 14. Ne5 Bd6 15. Nxd7 Bxd7 16. Nc5 Bc8 17. f3 exf3 18. exf3 h5 19. Nd3 h4 20. g4 h3 21. Bxh3 Nh5 22. f4 Qh4 23. Qf3 Nf6 24. Ne5 Ne4 25. Rc2 Kg7 26. Bg2 f6 27. h3 fxe5 28. dxe5 Bb8 29. Bd4 Ba7 30. Bxa7 Rxa7 31. Rc7+ Kg8 32. Qd3 Be6 33. f5 Qd8 34. Qc2 b5 35. Rxa7 Qb6+ 36. Kh2 Qxa7 37. Bxe4 Qb8 38. Bd3 Qxe5+ 39. Kg2 gxf5 40. gxf5 Bf7 41. Qf2 d4 42. Qg3+ Kf8 43. Qxe5 Rxe5 44. Rf4 Rd5 45. f6 Rd6 46. Kf3 a5 47. Ke2 a4 48. bxa4 bxa4 49. a3 Ke8 50. h4 Kf8 51. Kd2 Kg8 1/2-1/2

[Event "EU-ch U18"]
[Site "Bratislava"]
[Date "2019.08.07"]
[Round "6"]
[White "Gaifullin, Artur"]
[Black "Gatineau, Yovann"]
[Result "0-1"]
[WhiteElo "2438"]
[BlackElo "2363"]
[PlyCount "60"]
[EventDate "2019.08.02"]
[EventType "swiss"]
[EventRounds "9"]
[EventCountry "SVK"]
[SourceTitle "CBM 191 Extra"]
[Source "ChessBase"]
[SourceDate "2019.09.30"]
[SourceVersion "1"]
[SourceVersionDate "2019.09.30"]
[SourceQuality "1"]

1. Nf3 d5 2. g3 g6 3. Bg2 Bg7 4. 0-0 e5 5. c4 d4 6. d3 Ne7 7. b4 a5 8. b5 c5 9. Nbd2 Ra7 10. Ne4 b6 11. Bg5 Qc7 12. Bf6 Kf8 13. Qc1 h6 14. Nh4 g5 15. Bxg7+ Kxg7 16. Nxg5 hxg5 17. Qxg5+ Ng6 18. Nxg6 fxg6 19. Be4 Qd6 20. Bxg6 Qxg6 21. Qxe5+ Qf6 22. Qxb8 Rb7 23. Qf4 Qxf4 24. gxf4 Bh3 25. Rfe1 Kf6 26. Kh1 Rbh7 27. e4 Bg4 28. Kg2 Rxh2+ 29. Kg3 R8h4 30. f3 Bh5 0-1

[Event "EU-ch U18"]
[Site "Bratislava"]
[Date "2019.08.05"]
[Round "4"]
[White "Gaifullin, Artur"]
[Black "Salemgareev, Tagir"]
[Result "0-1"]
[WhiteElo "2438"]
[BlackElo "2444"]
[PlyCount "174"]
[EventDate "2019.08.02"]
[EventType "swiss"]
[EventRounds "9"]
[EventCountry "SVK"]
[SourceTitle "CBM 191 Extra"]
[Source "ChessBase"]
[SourceDate "2019.09.30"]
[SourceVersion "1"]
[SourceVersionDate "2019.09.30"]
[SourceQuality "1"]

1. d4 Nf6 2. Nf3 e6 3. g3 b5 4. Bg2 Bb7 5. 0-0 c5 6. Na3 Qb6 7. c4 b4 8. Nc2 d6 9. a3 a5 10. axb4 cxb4 11. d5 exd5 12. cxd5 Be7 13. Nh4 0-0 14. Nf5 Re8 15. Be3 Qd8 16. Bd4 Bf8 17. e4 Nbd7 18. Qd2 Nxe4 19. Qf4 Qg5 20. Qxg5 Nxg5 21. Rfe1 Rxe1+ 22. Rxe1 h6 23. Ne7+ Kh8 24. Nc6 Nc5 25. Ne3 Nb3 26. Bb6 Bc8 27. g4 a4 28. h4 Nh7 29. Nxb4 Rb8 30. Nc4 Nd2 31. Nxd2 Rxb6 32. Nc6 Rxb2 33. Nc4 Rc2 34. Ne3 Rc3 35. Ra1 a3 36. Nd4 Bxg4 37. Nb5 Rc5 38. Nxa3 Nf6 39. Nac4 Be2 40. Nd2 g6 41. Ra7 Kg8 42. Nb3 Rc3 43. Nd4 Bd3 44. Nc6 h5 45. Nd8 Bh6 46. Nxf7 Rc1+ 47. Nf1 Bf4 48. Ng5 Bxg5 49. hxg5 Ne4 50. Ra8+ Kf7 51. Ra7+ Kf8 52. Ra8+ Ke7 53. Ra3 Nc5 54. Bh3 Rd1 55. Ra7+ Kd8 56. f3 Bxf1 57. Bxf1 Rxd5 58. f4 Ne6 59. Rf7 Rf5 60. Rxf5 gxf5 61. Bh3 Ng7 62. Kf2 Ke7 63. Ke3 d5 64. Kd4 Kd6 65. g6 h4 66. Kd3 Ke6 67. Bg2 Nh5 68. Ke3 d4+ 69. Kxd4 Nxf4 70. g7 Kf7 71. Bf1 Ne6+ 72. Ke5 Nxg7 73. Bh3 Kg6 74. Bf1 Kh5 75. Kf4 Kg6 76. Ke5 Nh5 77. Bh3 Ng3 78. Kf4 Kf6 79. Bg2 Nh5+ 80. Kf3 Ke5 81. Bf1 Ng3 82. Ba6 Ne4 83. Kg2 Ng5 84. Bb7 Kf4 85. Kf2 h3 86. Bc8 Ne4+ 87. Kg1 Kg3 0-1

[Event "Ufa Gumerov Memorial 8th"]
[Site "Ufa"]
[Date "2019.07.24"]
[Round "2"]
[White "Gaifullin, Artur"]
[Black "Asatryan, Gor"]
[Result "1-0"]
[WhiteElo "2448"]
[BlackElo "2088"]
[PlyCount "87"]
[EventDate "2019.07.24"]
[EventType "tourn"]
[EventRounds "9"]
[EventCountry "RUS"]
[SourceTitle "CBM 191 Extra"]
[Source "ChessBase"]
[SourceDate "2019.09.30"]
[SourceVersion "1"]
[SourceVersionDate "2019.09.30"]
[SourceQuality "1"]

1. d4 d5 2. c4 c6 3. Nf3 Nf6 4. e3 e6 5. Nbd2 Nbd7 6. Bd3 Bd6 7. b3 e5 8. cxd5 cxd5 9. dxe5 Nxe5 10. Bb5+ Bd7 11. Bxd7+ Qxd7 12. 0-0 Nd3 13. Qe2 Nxc1 14. Raxc1 0-0 15. Nd4 a6 16. Qd3 Rac8 17. N2f3 g6 18. Ne2 Ba3 19. Rb1 Qe7 20. Rfd1 Rfd8 21. h3 Ne4 22. Nfd4 Nc5 23. Qd2 Ne4 24. Qa5 Bb4 25. Qa4 a5 26. a3 Bxa3 27. Qxa5 Ra8 28. Qb5 Qh4 29. g3 Qxh3 30. Qxb7 Rab8 31. Qa6 Rd6 32. Qa7 Rbd8 33. Nf4 Qg4 34. Qxa3 Nc3 35. Qc1 Nxb1 36. Qxb1 g5 37. Nfe2 Rh6 38. Qf5 Qh5 39. Qf3 g4 40. Qg2 Qg5 41. Nf4 Ra6 42. Qf1 Ra2 43. Qd3 h5 44. Qf5 1-0

[Event "Samara Polugaevsky Memorial 9th"]
[Site "Samara"]
[Date "2019.07.13"]
[Round "4"]
[White "Gaifullin, Artur"]
[Black "Lysenko, Margarita"]
[Result "1-0"]
[WhiteElo "2453"]
[BlackElo "2224"]
[PlyCount "119"]
[EventDate "2019.07.10"]
[EventType "swiss"]
[EventRounds "9"]
[EventCountry "RUS"]
[SourceTitle "EXT 2020"]
[Source "ChessBase"]
[SourceDate "2019.10.17"]
[SourceVersion "1"]
[SourceVersionDate "2019.10.17"]
[SourceQuality "1"]

1. Nf3 Nf6 2. c4 e6 3. d4 b6 4. a3 Bb7 5. Nc3 d5 6. Qc2 Be7 7. cxd5 Nxd5 8. Bd2 Nxc3 9. Bxc3 Qd5 10. g3 Qe4 11. Qa4+ Bc6 12. Qd1 Bd5 13. Bg2 h6 14. 0-0 0-0 15. Re1 Nd7 16. Nh4 Qg4 17. Nf5 exf5 18. Bxd5 Rad8 19. Bf3 Qg6 20. Qa4 a5 21. b4 axb4 22. Bxb4 Bxb4 23. axb4 Nf6 24. b5 f4 25. Bg2 fxg3 26. hxg3 h5 27. e4 h4 28. Ra3 Nh5 29. Qc4 hxg3 30. fxg3 Qd6 31. Rd3 Nxg3 32. e5 Qg6 33. d5 Rfe8 34. Rd4 Nf5 35. Rg4 Qh6 36. Qe4 Ne7 37. Rh4 Qg6 38. Qf3 Nf5 39. Rg4 Qh7 40. Qf4 Nh6 41. Be4 g6 42. Rg5 Kh8 43. Rh5 gxh5 44. Bxh7 Kxh7 45. Qe4+ f5 46. Qc4 Re7 47. e6 Rg8+ 48. Kh1 Rg4 49. Qc3 Ng8 50. Qe5 Kg6 51. Rc1 Re4 52. Rg1+ Rg4 53. Rf1 Nh6 54. Rc1 Re4 55. Qg3+ Rg4 56. Qe5 Re4 57. Qh8 Rg7 58. e7 Rexe7 59. Rc6+ Kf7 60. Qxh6 1-0

[Event "Samara Polugaevsky Memorial 9th"]
[Site "Samara"]
[Date "2019.07.12"]
[Round "3"]
[White "Rodchenkov, Vitaly"]
[Black "Gaifullin, Artur"]
[Result "1/2-1/2"]
[WhiteElo "2302"]
[BlackElo "2453"]
[PlyCount "85"]
[EventDate "2019.07.10"]
[EventType "swiss"]
[EventRounds "9"]
[EventCountry "RUS"]
[SourceTitle "EXT 2020"]
[Source "ChessBase"]
[SourceDate "2019.10.17"]
[SourceVersion "1"]
[SourceVersionDate "2019.10.17"]
[SourceQuality "1"]

1. c4 e6 2. Nc3 d5 3. d4 Nf6 4. cxd5 exd5 5. Bg5 Be7 6. e3 c6 7. Bd3 Nbd7 8. Bf4 0-0 9. h3 Re8 10. Qc2 Nf8 11. Nge2 Ng6 12. Bh2 Nh4 13. Bg3 Ne4 14. Bxh4 Bxh4 15. g3 Bf6 16. Nxe4 dxe4 17. Bxe4 Qa5+ 18. Qc3 Qxc3+ 19. Nxc3 Bxd4 20. exd4 f5 21. f3 fxe4 22. fxe4 Bf5 23. 0-0-0 Bxe4 24. Nxe4 Rxe4 25. Rhe1 Rae8 26. Rxe4 Rxe4 27. Kc2 Kf7 28. Kd3 Re6 29. Rf1+ Ke7 30. Rf3 Rg6 31. Re3+ Kd6 32. Rf3 h5 33. Re3 Rg5 34. Rf3 g6 35. Ke4 Ke6 36. Rb3 b6 37. Rc3 Kd6 38. Rf3 Ke6 39. Rc3 Kd7 40. Ra3 a5 41. Rf3 Rb5 42. b3 Ke6 43. Rc3 1/2-1/2

[Event "Samara Polugaevsky Memorial 9th"]
[Site "Samara"]
[Date "2019.07.11"]
[Round "2"]
[White "Gaifullin, Artur"]
[Black "Fedotov, Alexey"]
[Result "1-0"]
[WhiteElo "2453"]
[BlackElo "2141"]
[PlyCount "133"]
[EventDate "2019.07.10"]
[EventType "swiss"]
[EventRounds "9"]
[EventCountry "RUS"]
[SourceTitle "EXT 2020"]
[Source "ChessBase"]
[SourceDate "2019.10.17"]
[SourceVersion "1"]
[SourceVersionDate "2019.10.17"]
[SourceQuality "1"]

1. Nf3 d5 2. c4 c6 3. e3 Nf6 4. b3 Bf5 5. Bb2 e6 6. Be2 h6 7. 0-0 Nbd7 8. Nh4 Bh7 9. f4 Bd6 10. g3 0-0 11. Nc3 Qe7 12. a3 a5 13. d4 Ne4 14. c5 Bc7 15. b4 g5 16. Nf3 f6 17. Nxe4 Bxe4 18. Nd2 Bg6 19. b5 Qh7 20. b6 Bd8 21. Bg4 Re8 22. Bh5 Be7 23. Bxg6 Qxg6 24. a4 h5 25. Qb1 f5 26. Rf2 Kf7 27. Bc3 Rh8 28. Rg2 g4 29. Nb3 Nf6 30. Nxa5 Ne4 31. Be1 Rxa5 32. Bxa5 Ra8 33. Be1 Bf6 34. a5 Ra6 35. Ra3 Bg7 36. Qd3 Bf6 37. Rb3 Qg8 38. Rgb2 Qa8 39. Qe2 Bg7 40. h3 Kg6 41. Qf1 Kf7 42. Rh2 Nf6 43. Qd3 Kg6 44. hxg4 hxg4 45. Kf1 Ne4 46. Ke2 Nf6 47. Kd1 Kf7 48. Kc2 Kg6 49. Rb1 Kf7 50. Kb3 Kg6 51. Ka4 Ne4 52. Qf1 Kf7 53. Rg2 Nf6 54. Bb4 Ne4 55. Qh1 Nf6 56. Rh2 Kg8 57. Qg2 Kf7 58. Rbh1 Kg6 59. Rh4 Qg8 60. R1h2 Qf8 61. Qh1 Qg8 62. Rh8 Bxh8 63. Rxh8 Qg7 64. Qh4 Nh7 65. Rc8 Nf6 66. Qg5+ Kh7 67. Rc7 1-0

[Event "RUS-ch U20"]
[Site "Loo"]
[Date "2019.04.28"]
[Round "9"]
[White "Triapishko, Alexandr"]
[Black "Gaifullin, Artur"]
[Result "1-0"]
[WhiteElo "2506"]
[BlackElo "2453"]
[PlyCount "71"]
[EventDate "2019.04.20"]
[EventType "tourn"]
[EventRounds "9"]
[EventCountry "RUS"]
[EventCategory "8"]
[SourceTitle "CBM 190 Extra"]
[Source "ChessBase"]
[SourceDate "2019.07.15"]
[SourceVersion "1"]
[SourceVersionDate "2019.07.15"]
[SourceQuality "1"]

1. e4 e5 2. Nf3 Nc6 3. Bb5 a6 4. Ba4 d6 5. 0-0 Bd7 6. Bxc6 Bxc6 7. d4 Nf6 8. Re1 Be7 9. Nc3 exd4 10. Nxd4 Bd7 11. Qf3 0-0 12. b3 Ng4 13. Nf5 Bf6 14. Bb2 Ne5 15. Qg3 Bxf5 16. exf5 Nc6 17. Re3 Nb4 18. Re4 Nxc2 19. Rd1 Re8 20. Qd3 Rxe4 21. Qxe4 Na3 22. Qxb7 Rb8 23. Qxa6 Nc2 24. Qe2 Nb4 25. a3 Nc6 26. b4 Qd7 27. Nd5 Bxb2 28. Qxb2 Ne7 29. Nxe7+ Qxe7 30. g3 Qe4 31. Qc3 c5 32. bxc5 dxc5 33. Qxc5 h5 34. f6 h4 35. Qg5 g6 36. Qh6 1-0